000 01000nam a2200277 i 4500
001 149381
003 ES-MaACL
005 20240705063044.0
007 t|
008 071022m19441945cu ||||1| spa d
080 _a398.3
080 _a316.647.7
100 1 _aVarela, Félix,
_d1788-1853
_9174937
245 1 0 _aCartas a Elpidio sobre la impiedad, la superstición y el fanatismo en sus relaciones con la sociedad /
_cpor el pbro. Félix Varela y Morales ; prólogo por Humberto Piñera Llera.
260 _aLa Habana :
_bUniversidad,
_c1944-1945.
300 _a2 v. ;
_c20 cm.
490 1 _aBiblioteca de autores cubanos ;
_v5-6
505 8 _aContiene: 1. Impiedad - 2. Superstición
650 4 _aSupersticiones.
_917264
650 4 _aFanatismo.
_912714
700 1 _aPiñera, Humberto.
_992267
710 2 _aUniversidad de La Habana.
_97191
830 1 _aBiblioteca de autores cubanos ;
_v5-6
_9187561
852 4 _aES-MaACL
_jF-5261-62
999 _c149381
_d149381